Estadísticas para ¿De qué país son los siguientes euros?

Haz click aquí para intentar la prueba.

Estadísticas generales

  • Esta prueba ha sido intentada 39 veces
  • La puntuación promedio es 10 de 24

Estadísticas de respuestas

Respuesta% Correcto
Croacia
88%
Alemania
81%
Ciudad del Vaticano
78%
España
78%
Grecia
72%
Italia
63%
Portugal
59%
Andorra
56%
Irlanda
56%
Austria
44%
Estonia
44%
Malta
38%
Eslovaquia
34%
Bélgica
31%
Países Bajos
28%
Francia
22%
Finlandia
19%
Lituania
19%
Luxemburgo
19%
San Marino
16%
Chipre
13%
Eslovenia
13%
Mónaco
13%
Letonia
9%

Distribución de puntuación

Porcentaje por número respondido

Porcentaje de gente con cada puntuación

Historial de tus puntuaciones

No has intentado esta prueba.